Obálka Náhled e-knihy:
PDF Epub
Pro půjčování e-knih musíte být přihlášeni.
Jak si půjčit online?

Jezdkyně světla. Zrození legendy /

Pokračování příběhu z fantasy série inspirované počítačovou online hrou Star Stable.

Uloženo v:
Série:Jezdkyně světla, část 2
Hlavní autor: Dahlgren, Helena, 1980- (Autor)
Další autoři: Fišerová, Štěpánka (Autor)
Médium: E-kniha
Jazyk:Czech
Vydáno: V Praze : Fragment, 2022
Vydání:1. vydání
Témata:
Příbuzné jednotky:Z cyklu:: Jezdkyně světla
Tagy:
Žádné tagy
LEADER 02640nam a2200529 i 4500
001 311717
003 CZ PrSKC
005 20260601215710.0
007 ta
008 221104s2022 xr c 000 f cze
015 |a cnb003467140 
020 |a 9788025361047  |q (vázáno) :  |c Kč 299,00 
035 |a (OCoLC)1357139266 
040 |a ABG001  |b cze  |e rda 
041 1 |a cze  |h eng 
072 7 |a 821.11  |x Germánské literatury  |2 Konspekt 
072 7 |a 821-93  |x Literatura pro děti a mládež (beletrie)  |2 Konspekt 
080 |a 821.113.6-31  |2 MRF 
080 |a 821-93  |2 MRF 
080 |a (0:82-312.9)  |2 MRF 
100 1 |a Dahlgren, Helena,  |d 1980-  |7 xx0266505  |4 aut 
240 1 0 |a Legend awakens.  |l Česky 
245 1 0 |a Jezdkyně světla.  |p Zrození legendy /  |c Helena Dahlgrenová ; z anglického originálu Soul riders - The legend awakens ... přeložila Štěpánka Fišerová 
246 3 0 |a Zrození legendy 
250 |a 1. vydání 
264 1 |a V Praze :  |b Fragment,  |c 2022 
300 |a 238 stran ;  |c 21 cm 
336 |a text  |b txt  |2 rdacontent 
337 |a bez média  |b n  |2 rdamedia 
338 |a svazek  |b nc  |2 rdacarrier 
500 |a Pod názvem: Star stable 
520 2 |a Pokračování příběhu z fantasy série inspirované počítačovou online hrou Star Stable.  |b Cesty Jezdkyň světla se rozdělily, cíl však mají společný - najít jejich dva unesené koně. Lisa hledá Starshina v ústředí Temného jádra, Anne zachraňuje Concorda v Pandorii, Linda pátrá na zámečku Borový vrch a Alex se vydala ke Kapskému mysu. Dívky ale brzy zjišťují, že rozdělit se byla chyba. Jedině spolu jsou totiž doopravdy silné. Nakladatelská anotace. Kráceno. 
521 8 |a Pro čtenáře od 8 let 
655 7 |a švédské romány  |7 fd133923  |2 czenas 
655 7 |a fantasy romány  |7 fd184199  |2 czenas 
655 7 |a publikace pro děti  |7 fd133156  |2 czenas 
655 9 |a Swedish fiction  |2 eczenas 
655 9 |a fantasy novels  |2 eczenas 
655 9 |a children's literature  |2 eczenas 
700 1 |a Fišerová, Štěpánka  |4 trl 
787 0 8 |i Z cyklu:  |t Jezdkyně světla  |g 2 
900 |a ABA001  |b 20 
928 9 |a Albatros Media - Fragment 
044 |a xr 
910 |a RBIT002 
998 |d 362417  |a https://core.palmknihy.cz/api/books/362417/cover?siafx2  |b https://core.palmknihy.cz/api/books/362417/cover/400?siafx2  |c https://core.palmknihy.cz/api/books/362417/cover/50?siafx2  |e 2027-04-01  |g 240  |i 9788025361047  |j https://core.palmknihy.cz/api/books/362417/preview.epub  |k https://core.palmknihy.cz/api/books/362417/preview.pdf  |l   |q 49  |r 1  |s https://www.palmknihy.cz/kniha/362417  |t ebook  |y 2022  |z 0  |v Jezdkyně světla  |w 2 
999 |d 311715